| 000 | 01961 a2200241 4500 | ||
|---|---|---|---|
| 001 | 53040 | ||
| 005 | 20260407155804.0 | ||
| 008 | 260407a2004 arg spa d | ||
| 003 | AR-UNSa-BCEJYS | ||
| 040 |
_aAR-UNSa-BCEJYS _bspa _cAR-UNSa-BCEJYS |
||
| 080 |
_a330(82) _xEconomia Argentina |
||
| 245 | 1 | 0 |
_aLa economía Argentina _bDesde sus orígenes hasta principios del siglo XXI _pDesde sus orígenes hasta principios del siglo XXI |
| 020 | _a950-557-619-6 | ||
| 250 | _a3a. ed. | ||
| 264 | 1 |
_aBuenos Aires : _bFondo de Cultura Económica _c2004 |
|
| 300 |
_a382 p. _c23 cm. |
||
| 505 | _a1. Las vísperas de la globalización - 2. Formación de la economía colonial americana - 3. Las economías regionales de subsistencia del actual territorio argentino - 4. Estructura y dinámica dl sistema - 5. El puerto de Buenos Aires como intermedio comercial - 6. Expansión de la ganadería - 7. El desarrollo del Litoral - 8. El estancamiento del interior - 9. La Revolución Industrial y la integración de la economía mundial -10. El poder económico y el sistema político - 11. Régimen económico y el suistema político - 13. Vulnerabilidada y ajuste - 13. quiebra del equilibrio interregional - 14. La economía mundial:de la crisis de 1930 al período dorado - 15. Las nuevas condiciones del desarrollo - 16. La política económica - 17. Estructura y dinámica del sistema - 18. Consolidación del desequilibrio interregional - 19. Tendencias recientes de la globalización - 20. La política económica - 20.La política económica - 21. Estructura y dinámica del sistema - 22. Las regiones y el país - 23. Acerca de la globalización, el desarrollo y densidad nacional - 24. La economía argentina a principios del siglo XXI | ||
| 041 | _aspa | ||
| 942 | _cBK | ||
| 590 | _aniveau_biblio:m niveau_hierar:0 | ||
| 100 | 1 | _aFerrer, Aldo | |
| 856 | 4 | 1 |
_uhttps://www.biblioeco.unsa.edu.ar/pmb/images/libros/L128394.jpg _yImagen de portada _qimage/jpeg |
| 999 |
_c5049 _d5049 |
||